Flugzeugflotten Teil 11-Etihad Airways - Statistiken

Allgemein
  • Dieses Quiz wurde 66 mal gespielt
    28 seit der letzten Aktualisierung
  • Das Durchschnittsergebnis liegt bei 7 aus 8
Antwortstatistiken
Anzahl Flugzeugtyp % Korrekt
5 Airbus A350-1000
100%
10 Boeing 787-10
100%
33 Boeing 787-9
100%
7 Airbus A380-800
95%
9 Boeing 777-300ER
95%
9 Airbus A321-200
84%
14 Airbus A320-200
79%
6 Airbus A321neo
74%
Keine übereinstimmenden Quizze gefunden
Verteilung der Resultate
Anzahl Personen mit jedem Resultat
Perzentil nach korrekt beantworteten Fragen
Ihre Resultats-Entwicklung
Sie haben dieses Quiz seit der letzten Aktualisierung nicht gespielt